000
00207 a2200097 4500
001
11771
100
_a
Hudson, G.F.
245
_a
Far Eastern affairs
260
_a
_b
Chutto & windus
_c
090
_c
9027
_d
9027
942
_a
NUST-CAE
_c
M
_c
35853
999
_c
246844
_d
246844